| 000 | 00743nam a22002057a 4500 | ||
|---|---|---|---|
| 005 | 20150813112304.0 | ||
| 010 | _aENG-113515 | ||
| 020 |
_c1350.00 _a9789351480341 |
||
| 020 |
_c1350.00 _a9351480348 |
||
| 035 | _aEN-97047 | ||
| 037 | _bDBAD/PUB | ||
| 082 | _a266.00954 | ||
| 100 | _aKhandpekar, Neeta M. | ||
| 245 |
_aThe Christian missionaries in coastal Maharastra : _cby Neeta M. Khandpekar _bencapsuling their historical, social, educational, medical & literary endeavours / |
||
| 260 |
_aNew Delhi _bChristian World Imprints _c2015 |
||
| 270 |
_aH-12 Bali Nagar _bNew Delhi _e110015 |
||
| 300 |
_axxiv,374p. _c24cm(Hb) |
||
| 500 | _aIncludes bibliographical references and index | ||
| 942 |
_2ddc _cEN _mKHA _h266.00954 |
||
| 999 |
_c95020 _d95020 |
||